Statistics for North American Pro Sports Teams in California

Click here to take the quiz!

General Stats

  • This quiz has been taken 68 times
  • The average score is 14 of 15

Answer Stats

LeagueAnswer% Correct
NFLLos Angeles Chargers
98%
MLBLos Angeles Dodgers
98%
NBALos Angeles Lakers
98%
NFLLos Angeles Rams
98%
NHLLos Angeles Kings
96%
NBASacramento Kings
96%
NFLSan Francisco 49ers
96%
NBAGolden State Warriors
94%
MLBLos Angeles Angels
94%
NBALos Angeles Clippers
94%
MLBSan Diego Padres
94%
MLBOakland Athletics
92%
MLBSan Francisco Giants
89%
NHLAnaheim Ducks
87%
NHLSan Jose Sharks
87%

Score Distribution

Percentile by Number Answered

Percent of People with Each Score

Your Score History

You have not taken this quiz